00760nam a22002297a 45000010005000000030006000050050017000110080041000280200019000690400033000880500014001210820011001351000027001462450078001732600037002513000025002885050007003135200154003205210019004745210018004937000019005114138FISKH20240611133628.0240611b cb ||||| |||| 00| 0 eng d a9780439870603  aFISKH beng cFISKH dFISKH  aPZ7.S899  a428.6  aStrasser Todd d1950-  aHelp! / bI'm trapped in the first day of summer camp cby Todd Strasser  aNew York : bScholastic, c2006  a281 pages : c20 cm  aK  aJake Sherman keeps having to relive the first day of summer camp,including the bus ride and the chop suey for lunch, and it's getting really boring. 8 a590 bLexile 8 aK bRaz-Plus  aTodd Strasser